000 nam a22 a 4500
999 _c2005
_d2005
005 20170512162243.0
008 170512b2011 my ||||| |||| 00| 0 eng d
020 _a9789839863451 (paperback)
040 _aAKMAL
082 _a354.509595 MAAI
090 _a354.509595
_bMAAI
245 0 0 _aNational agrofood policy 2011-2020
264 1 _aPutrajaya [Malaysia] :
_b Ministry of Agriculture and Agro-based Industry,
_cDecember 2011.
300 _axvii, 114 pages :
_billustrations (colour)
_c29cm
599 _aDALAM PROSES
650 0 _aAgriculture and state
_zMalaysia.
_93742
650 0 _a Food industry and trade
_xGovernment policy
_zMalaysia
_94158
710 1 _aMalaysia.
_bKementerian Pertanian dan Industri Asas Tani.
_94145
852 4 1 _aBritish Library
_bHMNTS
942 _2ddc
_cBOOK